[Event "Hunan Belt and Road Open 2019"]
[Site "Hunan"]
[Date "2019.07.29"]
[Round "1.20"]
[White "Xiang, Zeyu"]
[Black "Deac, Bogdan-Daniel"]
[Result "1/2-1/2"]
[WhiteElo "2447"]
[BlackElo "2621"]
[Annotator "ChessBase"]
[PlyCount "118"]
[EventDate "2019.07.29"]
[EventType "swiss"]
[EventCountry "CHN"]
[SourceTitle "playchess.com"]
[Source "ChessBase"]
[SourceQuality "1"]
[TimeControl "5400+30"]

1. d4 {[%emt 0:00:00]} Nf6 {[%emt 0:00:00]} 2. c4 {[%emt 0:01:40]} e6 {[%emt 0:00:00]} 3. Nf3 {[%emt 0:00:14]} d5 {[%emt 0:00:06]} 4. Nc3 {[%emt 0:00:05]} c6 {[%emt 0:03:32]} 5. Bg5 {[%emt 0:00:06]} h6 {[%emt 0:00:09]} 6. Bh4 {[%emt 0:00:17]} Nbd7 {[%emt 0:01:36]} 7. e3 {[%emt 0:00:19]} g5 {[%emt 0:00:10]} 8. Bg3 {[%emt 0:00:34]} Nh5 {[%emt 0:00:04]} 9. Be5 {[%emt 0:04:33]} Nhf6 {[%emt 0:03:51]} 10. Bd3 {[%emt 0:05:26]} Nxe5 {[%emt 0:08:14]} 11. Nxe5 {[%emt 0:00:23]} Nd7 {[%emt 0:00:03]} 12. Nxd7 {[%emt 0:03:59]} Bxd7 {[%emt 0:00:17]} 13. h4 {[%emt 0:06:04]} Bg7 {[%emt 0:03:05]} 14. Qh5 {[%emt 0:02:00]} Qf6 {[%emt 0:01:24]} 15. Rh3 {[%emt 0:03:55]} Rf8 {[%emt 0:14:19]} 16. cxd5 {[%emt 0:22:24]} exd5 {[%emt 0:04:04]} 17. Rf3 {[%emt 0:00:59]} Qe7 {[%emt 0:00:03]} 18. Bf5 {[%emt 0:00:43]} Bxf5 {[%emt 0:01:27]} 19. Rxf5 {[%emt 0:00:08]} Bxd4 {[%emt 0:00:05]} 20. hxg5 {[%emt 0:08:09]} hxg5 {[%emt 0:00:06]} 21. Qxg5 {[%emt 0:00:33]} Rh8 {[%emt 0:02:52]} 22. Qxe7+ {[%emt 0:01:13]} Kxe7 {[%emt 0:00:05]} 23. Ke2 {[%emt 0:00:10]} Bf6 {[%emt 0:02:02]} 24. e4 {[%emt 0:07:24]} Ke6 {[%emt 0:02:30]} 25. g4 {[%emt 0:00:14]} d4 {[%emt 0:00:14]} 26. Na4 {[%emt 0:00:19]} b6 {[%emt 0:00:05]} 27. Rc1 {[%emt 0:01:20]} Rac8 {[%emt 0:00:18]} 28. b3 {[%emt 0:00:20]} Rh4 {[%emt 0:02:57]} 29. Rg1 {[%emt 0:06:40]} Rg8 {[%emt 0:02:12]} 30. Rc1 {[%emt 0:00:34]} c5 {[%emt 0:00:33]} 31. Nxc5+ {[%emt 0:00:10]} bxc5 {[%emt 0:00:07]} 32. Rcxc5 {[%emt 0:00:04]} Bd8 {[%emt 0:02:23]} 33. Rce5+ {[%emt 0:01:10]} Kd6 {[%emt 0:00:10]} 34. Rd5+ {[%emt 0:00:35]} Ke7 {[%emt 0:00:56]} 35. Rfe5+ {[%emt 0:00:34]} Kf6 {[%emt 0:00:07]} 36. Rf5+ {[%emt 0:00:37]} Kg6 {[%emt 0:06:22]} 37. Kf3 {[%emt 0:07:52]} Rh3+ {[%emt 0:02:46]} 38. Kg2 {[%emt 0:02:36]} Rd3 {[%emt 0:00:28]} 39. Rd7 {[%emt 0:00:16]} Re8 {[%emt 0:01:13]} 40. e5 {[%emt 0:02:00]} Be7 {[%emt 0:02:49]} 41. Rxa7 {[%emt 0:00:26]} Rd2 {[%emt 0:00:04]} 42. Rd7 {[%emt 0:02:05]} Rxa2 {[%emt 0:01:16]} 43. Rxd4 {[%emt 0:00:20]} Rb2 {[%emt 0:00:07]} 44. Rdf4 {[%emt 0:01:33]} Rf8 {[%emt 0:00:08]} 45. Rf3 {[%emt 0:00:16]} Re2 {[%emt 0:01:38]} 46. R3f4 {[%emt 0:03:09]} Bh4 {[%emt 0:02:07]} 47. Kh3 {[%emt 0:00:45]} Bd8 {[%emt 0:00:39]} 48. Rc4 {[%emt 0:00:44]} Re8 {[%emt 0:00:56]} 49. Rc8 {[%emt 0:00:37]} Rd2 {[%emt 0:00:48]} 50. Rf6+ {[%emt 0:01:19]} Bxf6 {[%emt 0:01:16]} 51. Rxe8 {[%emt 0:00:04]} Bg5 {[%emt 0:00:07]} 52. e6 {[%emt 0:01:52]} Rxf2 {[%emt 0:01:53]} 53. Kg3 {[%emt 0:01:54]} Rb2 {[%emt 0:01:44]} 54. Rg8+ {[%emt 0:01:02]} Kf6 {[%emt 0:00:02]} 55. exf7 {[%emt 0:00:09]} Rxb3+ {[%emt 0:00:05]} 56. Kg2 {[%emt 0:00:05]} Rb2+ {[%emt 0:00:06]} 57. Kf3 {[%emt 0:00:21]} Rb3+ {[%emt 0:00:06]} 58. Kg2 {[%emt 0:00:38]} Rb2+ {[%emt 0:00:06]} 59. Kf3 {[%emt 0:00:03]} Rb3+ {[%emt 0:00:05]} 1/2-1/2

[Event "Hunan Belt and Road Open 2019"]
[Site "Hunan"]
[Date "2019.07.29"]
[Round "1.21"]
[White "Lu, Shanglei"]
[Black "Munkhgal, Gombosuren"]
[Result "1-0"]
[WhiteElo "2619"]
[BlackElo "2442"]
[Annotator "ChessBase"]
[PlyCount "97"]
[EventDate "2019.07.29"]
[EventType "swiss"]
[EventCountry "CHN"]
[SourceTitle "playchess.com"]
[Source "ChessBase"]
[SourceQuality "1"]
[TimeControl "5400+30"]

1. e4 {[%emt 0:00:00]} e6 {[%emt 0:00:00]} 2. d4 {[%emt 0:00:00]} d5 {[%emt 0:00:00]} 3. e5 {[%emt 0:00:00]} c5 {[%emt 0:00:07]} 4. c3 {[%emt 0:00:10]} Nc6 {[%emt 0:00:04]} 5. Nf3 {[%emt 0:00:05]} Qb6 {[%emt 0:00:08]} 6. a3 {[%emt 0:03:05]} Nh6 {[%emt 0:00:12]} 7. b4 {[%emt 0:05:49]} cxd4 {[%emt 0:00:17]} 8. cxd4 {[%emt 0:05:54]} Nf5 {[%emt 0:00:08]} 9. Bb2 {[%emt 0:00:12]} Bd7 {[%emt 0:03:42]} 10. g4 {[%emt 0:04:56]} Nfe7 {[%emt 0:00:05]} 11. Nc3 {[%emt 0:00:50]} Na5 {[%emt 0:05:03]} 12. Na4 {[%emt 0:14:58]} Qc6 {[%emt 0:03:46]} 13. bxa5 {[%emt 0:01:20]} Qxa4 {[%emt 0:00:38]} 14. Qxa4 {[%emt 0:00:03]} Bxa4 {[%emt 0:00:07]} 15. Bc3 {[%emt 0:00:09]} Rc8 {[%emt 0:08:53]} 16. Kd2 {[%emt 0:01:10]} Ng6 {[%emt 0:00:33]} 17. Rb1 {[%emt 0:10:14]} Rc7 {[%emt 0:18:43]} 18. Bb5+ {[%emt 0:11:16]} Bxb5 {[%emt 0:00:07]} 19. Rxb5 {[%emt 0:00:04]} h5 {[%emt 0:06:20]} 20. g5 {[%emt 0:02:13]} a6 {[%emt 0:07:06]} 21. Rb3 {[%emt 0:05:11]} Kd7 {[%emt 0:01:32]} 22. Rhb1 {[%emt 0:03:39]} Kc8 {[%emt 0:00:10]} 23. Bb4 {[%emt 0:01:12]} Bxb4+ {[%emt 0:02:05]} 24. axb4 {[%emt 0:00:07]} Kb8 {[%emt 0:05:40]} 25. b5 {[%emt 0:00:30]} axb5 {[%emt 0:03:32]} 26. Rxb5 {[%emt 0:00:04]} Ka7 {[%emt 0:01:12]} 27. Ne1 {[%emt 0:01:40]} Nf8 {[%emt 0:06:45]} 28. Nc2 {[%emt 0:01:26]} Nd7 {[%emt 0:00:33]} 29. Na3 {[%emt 0:02:17]} Rhc8 {[%emt 0:08:30]} 30. R5b2 {[%emt 0:00:33]} Ka6 {[%emt 0:08:00]} 31. Nb5 {[%emt 0:00:38]} Rc6 {[%emt 0:06:34]} 32. Nd6 {[%emt 0:01:01]} R8c7 {[%emt 0:00:12]} 33. Rxb7 {[%emt 0:00:08]} Rxb7 {[%emt 0:00:11]} 34. Rxb7 {[%emt 0:00:09]} Rxd6 {[%emt 0:01:14]} 35. Rc7 {[%emt 0:00:04]} Nxe5 {[%emt 0:00:16]} 36. dxe5 {[%emt 0:00:03]} Rd8 {[%emt 0:00:16]} 37. Rxf7 {[%emt 0:00:04]} Kxa5 {[%emt 0:00:27]} 38. Rxg7 {[%emt 0:01:29]} Rf8 {[%emt 0:00:09]} 39. Ke3 {[%emt 0:00:03]} d4+ {[%emt 0:00:03]} 40. Kxd4 {[%emt 0:00:04]} Rxf2 {[%emt 0:00:02]} 41. Kc5 {[%emt 0:00:34]} Rc2+ {[%emt 0:00:13]} 42. Kd6 {[%emt 0:00:03]} Rxh2 {[%emt 0:00:04]} 43. Rh7 {[%emt 0:00:08]} Kb6 {[%emt 0:00:28]} 44. Kxe6 {[%emt 0:01:04]} h4 {[%emt 0:00:15]} 45. g6 {[%emt 0:00:12]} Kc6 {[%emt 0:00:35]} 46. g7 {[%emt 0:00:14]} Rg2 {[%emt 0:00:04]} 47. Kf7 {[%emt 0:00:04]} Rf2+ {[%emt 0:00:04]} 48. Kg8 {[%emt 0:00:06]} Kd7 {[%emt 0:00:21]} 49. Kh8 {[%emt 0:00:08]} 1-0

[Event "Hunan Belt and Road Open 2019"]
[Site "Hunan"]
[Date "2019.07.29"]
[Round "1.22"]
[White "Wang, Yiye"]
[Black "Narayanan.S.L"]
[Result "0-1"]
[WhiteElo "2440"]
[BlackElo "2616"]
[Annotator "ChessBase"]
[PlyCount "98"]
[EventDate "2019.07.29"]
[EventType "swiss"]
[EventCountry "CHN"]
[SourceTitle "playchess.com"]
[Source "ChessBase"]
[SourceQuality "1"]
[TimeControl "5400+30"]

1. c4 {[%emt 3:40:45]} Nf6 {[%emt 0:00:07]} 2. Nc3 {[%emt 0:00:23]} e5 {[%emt 0:00:08]} 3. Nf3 {[%emt 0:00:00]} Nc6 {[%emt 0:00:00]} 4. g3 {[%emt 0:00:00]} d5 {[%emt 0:00:00]} 5. cxd5 {[%emt 0:00:00]} Nxd5 {[%emt 0:00:04]} 6. Bg2 {[%emt 0:00:00]} Bc5 {[%emt 0:00:08]} 7. O-O {[%emt 0:00:00]} O-O {[%emt 0:00:18]} 8. d3 {[%emt 0:00:00]} h6 {[%emt 0:00:07]} 9. Nxd5 {[%emt 0:00:00]} Qxd5 {[%emt 0:00:07]} 10. Bd2 {[%emt 0:00:00]} Qd6 {[%emt 0:01:05]} 11. Bc3 {[%emt 0:00:00]} Rd8 {[%emt 0:00:09]} 12. Nd2 {[%emt 0:00:00]} Be6 {[%emt 0:02:01]} 13. Qa4 {[%emt 0:00:00]} Nd4 {[%emt 0:04:28]} 14. Bxd4 {[%emt 0:00:00]} Qxd4 {[%emt 0:14:05]} 15. Qc2 {[%emt 0:00:00]} Bd6 {[%emt 0:04:39]} 16. Nc4 {[%emt 0:00:00]} c6 {[%emt 0:00:52]} 17. Nxd6 {[%emt 0:00:00]} Rxd6 {[%emt 0:00:30]} 18. Qc3 {[%emt 0:00:00]} a5 {[%emt 0:00:36]} 19. Rfc1 {[%emt 0:00:00]} Ra6 {[%emt 0:06:24]} 20. Qxd4 {[%emt 0:00:00]} Rxd4 {[%emt 0:07:23]} 21. a3 {[%emt 0:00:00]} Rb6 {[%emt 0:04:20]} 22. Rc2 {[%emt 0:00:00]} f6 {[%emt 0:00:24]} 23. Kf1 {[%emt 0:00:00]} Rd8 {[%emt 0:05:45]} 24. Ke1 {[%emt 0:00:00]} Rb5 {[%emt 0:07:18]} 25. Kd2 {[%emt 0:00:00]} f5 {[%emt 0:03:11]} 26. Ke1 {[%emt 0:00:00]} Kf7 {[%emt 0:00:46]} 27. a4 {[%emt 0:00:00]} Rb4 {[%emt 0:00:28]} 28. Rc5 {[%emt 0:00:00]} Kf6 {[%emt 0:00:38]} 29. Rxa5 {[%emt 0:00:00]} Rxb2 {[%emt 0:00:04]} 30. Rc5 {[%emt 0:00:00]} Ra8 {[%emt 0:05:37]} 31. a5 {[%emt 0:00:00]} Ra6 {[%emt 0:00:07]} 32. Rc3 {[%emt 0:00:00]} Ke7 {[%emt 0:03:40]} 33. Rca3 {[%emt 0:00:00]} Kd6 {[%emt 0:00:19]} 34. Bf3 {[%emt 0:00:00]} g5 {[%emt 0:00:21]} 35. e3 {[%emt 0:00:00]} Bb3 {[%emt 0:01:39]} 36. Be2 {[%emt 0:00:00]} Ra7 {[%emt 0:00:23]} 37. Bf3 {[%emt 0:00:00]} g4 {[%emt 0:02:22]} 38. Be2 {[%emt 0:00:00]} Kc5 {[%emt 0:01:23]} 39. e4 {[%emt 0:00:00]} fxe4 {[%emt 0:00:17]} 40. dxe4 {[%emt 0:00:00]} h5 {[%emt 0:00:05]} 41. Bd1 {[%emt 0:00:00]} Bxd1 {[%emt 0:03:27]} 42. Rxd1 {[%emt 0:00:00]} Kb4 {[%emt 0:00:18]} 43. Rda1 {[%emt 0:00:00]} Ra6 {[%emt 0:02:47]} 44. R3a2 {[%emt 0:00:00]} Rxa2 {[%emt 0:00:12]} 45. Rxa2 {[%emt 0:00:00]} Kb3 {[%emt 0:00:10]} 46. Rd2 {[%emt 0:00:00]} Rxa5 {[%emt 0:00:07]} 47. Rd7 {[%emt 0:00:00]} b5 {[%emt 0:00:08]} 48. Rc7 {[%emt 0:00:00]} Ra6 {[%emt 0:01:08]} 49. Re7 {[%emt 0:00:00]} b4 {[%emt 0:00:13]} 0-1

[Event "Hunan Belt and Road Open 2019"]
[Site "Hunan"]
[Date "2019.07.29"]
[Round "1.23"]
[White "Zhou, Jianchao"]
[Black "Zou, Chen"]
[Result "1/2-1/2"]
[WhiteElo "2608"]
[BlackElo "2440"]
[Annotator "ChessBase"]
[PlyCount "81"]
[EventDate "2019.07.29"]
[EventType "swiss"]
[EventCountry "CHN"]
[SourceTitle "playchess.com"]
[Source "ChessBase"]
[SourceQuality "1"]
[TimeControl "5400+30"]

1. d4 {[%emt 0:18:00]} Nf6 {[%emt 0:00:27]} 2. c4 {[%emt 0:00:00]} e6 {[%emt 0:00:45]} 3. Nf3 {[%emt 0:00:00]} d5 {[%emt 0:00:41]} 4. Nc3 {[%emt 0:00:00]} Be7 {[%emt 0:10:28]} 5. Bf4 {[%emt 0:00:00]} O-O {[%emt 0:01:11]} 6. e3 {[%emt 0:00:00]} Nbd7 {[%emt 0:02:36]} 7. c5 {[%emt 0:00:00]} Nh5 {[%emt 0:06:50]} 8. Bd3 {[%emt 0:00:00]} Nxf4 {[%emt 0:06:01]} 9. exf4 {[%emt 0:00:00]} b6 {[%emt 0:02:06]} 10. b4 {[%emt 0:00:00]} a5 {[%emt 0:00:16]} 11. a3 {[%emt 0:00:00]} c6 {[%emt 0:00:13]} 12. O-O {[%emt 0:00:00]} Qc7 {[%emt 0:00:38]} 13. g3 {[%emt 0:00:00]} Ba6 {[%emt 0:01:33]} 14. Bxa6 {[%emt 0:00:00]} Rxa6 {[%emt 0:02:34]} 15. Qe2 {[%emt 0:00:00]} Rfa8 {[%emt 0:07:22]} 16. Rab1 {[%emt 0:00:00]} axb4 {[%emt 0:04:37]} 17. axb4 {[%emt 0:00:13]} Ra3 {[%emt 0:09:14]} 18. Rfc1 {[%emt 0:03:02]} Bf6 {[%emt 0:05:25]} 19. Nd1 {[%emt 0:04:37]} Ra2 {[%emt 0:12:17]} 20. Rc2 {[%emt 0:02:44]} Rxc2 {[%emt 0:03:11]} 21. Qxc2 {[%emt 0:00:25]} bxc5 {[%emt 0:05:48]} 22. bxc5 {[%emt 0:00:45]} Qa7 {[%emt 0:01:00]} 23. Ne3 {[%emt 0:04:14]} h5 {[%emt 0:01:28]} 24. h4 {[%emt 0:02:42]} Rb8 {[%emt 0:03:03]} 25. Rxb8+ {[%emt 0:01:37]} Nxb8 {[%emt 0:02:02]} 26. f5 {[%emt 0:30:23]} e5 {[%emt 0:03:22]} 27. dxe5 {[%emt 0:14:25]} Bxe5 {[%emt 0:00:05]} 28. Qe2 {[%emt 0:04:53]} Nd7 {[%emt 0:02:04]} 29. Nxd5 {[%emt 0:02:33]} cxd5 {[%emt 0:00:39]} 30. c6 {[%emt 0:00:11]} Bf6 {[%emt 0:02:05]} 31. Qe8+ {[%emt 0:06:41]} Nf8 {[%emt 0:00:05]} 32. Qc8 {[%emt 0:07:36]} Be5 {[%emt 0:01:48]} 33. Nxe5 {[%emt 0:00:39]} Qa1+ {[%emt 0:00:05]} 34. Kg2 {[%emt 0:00:46]} Qxe5 {[%emt 0:00:05]} 35. c7 {[%emt 0:00:10]} Qe4+ {[%emt 0:00:03]} 36. Kg1 {[%emt 0:00:45]} Qe1+ {[%emt 0:00:04]} 37. Kg2 {[%emt 0:00:04]} Qe4+ {[%emt 0:00:12]} 38. Kg1 {[%emt 0:00:39]} Qe1+ {[%emt 0:00:12]} 39. Kg2 {[%emt 0:00:02]} Qe4+ {[%emt 0:00:06]} 40. Kh2 {[%emt 0:00:53]} Qe2 {[%emt 0:00:13]} 41. Kg2 {[%emt 0:00:14]} 1/2-1/2

[Event "Hunan Belt and Road Open 2019"]
[Site "Hunan"]
[Date "2019.07.29"]
[Round "1.24"]
[White "Li, Yankai"]
[Black "Oleksiyenko, Mykhaylo"]
[Result "1/2-1/2"]
[WhiteElo "2439"]
[BlackElo "2600"]
[Annotator "ChessBase"]
[PlyCount "43"]
[EventDate "2019.07.29"]
[EventType "swiss"]
[EventCountry "CHN"]
[SourceTitle "playchess.com"]
[Source "ChessBase"]
[SourceQuality "1"]
[TimeControl "5400+30"]

1. d4 {[%emt 0:00:00]} Nf6 {[%emt 0:00:00]} 2. c4 {[%emt 0:00:00]} e6 {[%emt 0:00:00]} 3. g3 {[%emt 0:00:00]} c5 {[%emt 0:01:03]} 4. Nf3 {[%emt 0:00:06]} cxd4 {[%emt 0:00:14]} 5. Nxd4 {[%emt 0:00:04]} d5 {[%emt 0:00:29]} 6. Bg2 {[%emt 0:02:39]} e5 {[%emt 0:00:14]} 7. Nb3 {[%emt 0:00:59]} d4 {[%emt 0:00:16]} 8. O-O {[%emt 0:00:05]} Nc6 {[%emt 0:00:30]} 9. f4 {[%emt 0:00:04]} Be7 {[%emt 0:00:15]} 10. Bxc6+ {[%emt 0:00:50]} bxc6 {[%emt 0:00:02]} 11. fxe5 {[%emt 0:00:06]} Ng4 {[%emt 0:00:04]} 12. Qxd4 {[%emt 0:02:35]} O-O {[%emt 0:00:13]} 13. Nc3 {[%emt 0:14:39]} Qxd4+ {[%emt 0:00:45]} 14. Nxd4 {[%emt 0:01:12]} Bc5 {[%emt 0:00:09]} 15. e3 {[%emt 0:01:23]} Nxe5 {[%emt 0:00:04]} 16. Ne4 {[%emt 0:03:09]} Bxd4 {[%emt 0:02:38]} 17. exd4 {[%emt 0:00:17]} Nxc4 {[%emt 0:00:02]} 18. b3 {[%emt 0:03:02]} Nb6 {[%emt 0:06:48]} 19. Ba3 {[%emt 0:02:33]} Rd8 {[%emt 0:00:48]} 20. Nd6 {[%emt 0:02:02]} Be6 {[%emt 0:00:47]} 21. Rac1 {[%emt 0:00:29]} Bd5 {[%emt 0:08:06]} 22. Nf5 {[%emt 0:05:35]} 1/2-1/2

[Event "Hunan Belt and Road Open 2019"]
[Site "Hunan"]
[Date "2019.07.29"]
[Round "1.25"]
[White "Ju, Wenjun"]
[Black "Raja Harshit"]
[Result "1/2-1/2"]
[WhiteElo "2595"]
[BlackElo "2434"]
[Annotator "ChessBase"]
[PlyCount "144"]
[EventDate "2019.07.29"]
[EventType "swiss"]
[EventCountry "CHN"]
[SourceTitle "playchess.com"]
[Source "ChessBase"]
[SourceQuality "1"]
[TimeControl "5400+30"]

1. d4 {[%emt 0:00:00]} Nf6 {[%emt 0:00:00]} 2. c4 {[%emt 0:00:00]} e6 {[%emt 0:00:19]} 3. Nf3 {[%emt 0:00:22]} d5 {[%emt 0:00:13]} 4. e3 {[%emt 0:00:07]} c5 {[%emt 0:01:11]} 5. cxd5 {[%emt 0:00:50]} exd5 {[%emt 0:01:03]} 6. Bb5+ {[%emt 0:00:08]} Nbd7 {[%emt 0:00:48]} 7. dxc5 {[%emt 0:00:41]} Bxc5 {[%emt 0:10:29]} 8. O-O {[%emt 0:02:15]} O-O {[%emt 0:01:05]} 9. Nc3 {[%emt 0:09:51]} Nb6 {[%emt 0:04:56]} 10. b3 {[%emt 0:02:41]} Bg4 {[%emt 0:06:31]} 11. Bb2 {[%emt 0:01:54]} Qe7 {[%emt 0:11:48]} 12. Ne2 {[%emt 0:01:08]} a6 {[%emt 0:16:30]} 13. Bd3 {[%emt 0:00:00]} Ne4 {[%emt 0:04:42]} 14. h3 {[%emt 0:08:28]} Bh5 {[%emt 0:05:26]} 15. Kh1 {[%emt 0:26:35]} Ba3 {[%emt 0:20:22]} 16. Bd4 {[%emt 0:15:59]} Bc5 {[%emt 0:00:06]} 17. Bxc5 {[%emt 0:04:43]} Qxc5 {[%emt 0:00:40]} 18. Nfd4 {[%emt 0:00:05]} Rac8 {[%emt 0:03:40]} 19. f3 {[%emt 0:01:15]} Nf6 {[%emt 0:03:44]} 20. Qd2 {[%emt 0:00:34]} Bg6 {[%emt 0:00:26]} 21. Rac1 {[%emt 0:01:56]} Qa3 {[%emt 0:00:20]} 22. Nf4 {[%emt 0:02:06]} Rfe8 {[%emt 0:00:46]} 23. Kg1 {[%emt 0:04:20]} Bxd3 {[%emt 0:02:18]} 24. Nxd3 {[%emt 0:00:04]} Nbd7 {[%emt 0:00:47]} 25. Rfe1 {[%emt 0:00:50]} h6 {[%emt 0:01:47]} 26. Nf4 {[%emt 0:00:20]} Qd6 {[%emt 0:01:10]} 27. Rxc8 {[%emt 0:03:32]} Rxc8 {[%emt 0:00:01]} 28. Nf5 {[%emt 0:01:16]} Qe5 {[%emt 0:01:27]} 29. Nxd5 {[%emt 0:00:07]} Nxd5 {[%emt 0:00:39]} 30. Qxd5 {[%emt 0:00:02]} Qxd5 {[%emt 0:00:21]} 31. Ne7+ {[%emt 0:00:03]} Kh7 {[%emt 0:00:34]} 32. Nxd5 {[%emt 0:00:02]} Rc2 {[%emt 0:00:07]} 33. Rd1 {[%emt 0:03:01]} Ne5 {[%emt 0:05:24]} 34. Nb4 {[%emt 0:05:45]} Re2 {[%emt 0:00:00]} 35. Rd5 {[%emt 0:00:24]} Ng6 {[%emt 0:00:00]} 36. Rd7 {[%emt 0:00:55]} Nh4 {[%emt 0:00:00]} 37. Kf1 {[%emt 0:00:15]} Rb2 {[%emt 0:00:00]} 38. Rxf7 {[%emt 0:01:38]} Nxg2 {[%emt 0:00:00]} 39. Nd5 {[%emt 0:00:04]} Nh4 {[%emt 0:00:00]} 40. e4 {[%emt 0:01:17]} Rxa2 {[%emt 0:00:00]} 41. e5 {[%emt 0:00:50]} Rd2 {[%emt 0:00:16]} 42. Nc7 {[%emt 0:00:59]} Rd3 {[%emt 0:00:32]} 43. e6 {[%emt 0:00:15]} Ng6 {[%emt 0:00:13]} 44. Ne8 {[%emt 0:01:17]} Kg8 {[%emt 0:00:01]} 45. Rxb7 {[%emt 0:01:43]} Rxf3+ {[%emt 0:00:55]} 46. Ke2 {[%emt 0:00:17]} Rxh3 {[%emt 0:00:06]} 47. Nxg7 {[%emt 0:00:38]} Nf4+ {[%emt 0:01:12]} 48. Kd2 {[%emt 0:00:26]} Rd3+ {[%emt 0:00:32]} 49. Kc2 {[%emt 0:00:28]} Nxe6 {[%emt 0:00:23]} 50. Nxe6 {[%emt 0:00:09]} Rd6 {[%emt 0:00:08]} 51. Nf4 {[%emt 0:00:52]} Rf6 {[%emt 0:00:38]} 52. Nd5 {[%emt 0:00:39]} Re6 {[%emt 0:00:51]} 53. Kd3 {[%emt 0:00:56]} h5 {[%emt 0:00:15]} 54. Nf4 {[%emt 0:00:05]} Rh6 {[%emt 0:00:11]} 55. Ke4 {[%emt 0:00:24]} h4 {[%emt 0:00:15]} 56. Nh3 {[%emt 0:01:15]} a5 {[%emt 0:00:48]} 57. Kf5 {[%emt 0:01:09]} Ra6 {[%emt 0:00:16]} 58. Nf4 {[%emt 0:00:09]} a4 {[%emt 0:00:24]} 59. Nh5 {[%emt 0:00:11]} h3 {[%emt 0:01:22]} 60. bxa4 {[%emt 0:00:56]} h2 {[%emt 0:00:08]} 61. Rb1 {[%emt 0:00:09]} Rxa4 {[%emt 0:00:17]} 62. Nf6+ {[%emt 0:00:17]} Kf8 {[%emt 0:00:45]} 63. Rh1 {[%emt 0:00:36]} Kf7 {[%emt 0:00:19]} 64. Ng4 {[%emt 0:00:02]} Ra2 {[%emt 0:00:18]} 65. Nxh2 {[%emt 0:00:05]} Ra5+ {[%emt 0:00:07]} 66. Kg4 {[%emt 0:00:01]} Ke6 {[%emt 0:00:17]} 67. Nf3 {[%emt 0:00:01]} Ra4+ {[%emt 0:00:08]} 68. Kg3 {[%emt 0:00:01]} Kd5 {[%emt 0:00:19]} 69. Rd1+ {[%emt 0:00:06]} Ke6 {[%emt 0:00:29]} 70. Rd3 {[%emt 0:00:14]} Kf5 {[%emt 0:00:45]} 71. Re3 {[%emt 0:00:25]} Rg4+ {[%emt 0:00:43]} 72. Kf2 {[%emt 0:00:02]} Ra4 {[%emt 0:00:24]} 1/2-1/2

[Event "Hunan Belt and Road Open 2019"]
[Site "Hunan"]
[Date "2019.07.29"]
[Round "1.26"]
[White "Batsiashvili, Nino"]
[Black "Wen, Yang"]
[Result "1/2-1/2"]
[WhiteElo "2433"]
[BlackElo "2586"]
[Annotator "ChessBase"]
[PlyCount "64"]
[EventDate "2019.07.29"]
[EventType "swiss"]
[EventCountry "CHN"]
[SourceTitle "playchess.com"]
[Source "ChessBase"]
[SourceQuality "1"]
[TimeControl "5400+30"]

1. d4 {[%emt 0:00:00]} Nf6 {[%emt 0:00:09]} 2. c4 {[%emt 0:00:00]} e6 {[%emt 0:00:22]} 3. Nc3 {[%emt 0:00:00]} Bb4 {[%emt 0:00:17]} 4. Qc2 {[%emt 0:00:00]} c5 {[%emt 0:03:11]} 5. dxc5 {[%emt 0:00:00]} O-O {[%emt 0:00:09]} 6. Nf3 {[%emt 0:02:01]} Na6 {[%emt 0:00:09]} 7. g3 {[%emt 0:00:20]} Nxc5 {[%emt 0:00:09]} 8. Bg2 {[%emt 0:00:28]} Nce4 {[%emt 0:00:27]} 9. O-O {[%emt 0:00:55]} Bxc3 {[%emt 0:00:11]} 10. bxc3 {[%emt 0:00:08]} Qc7 {[%emt 0:00:04]} 11. Ng5 {[%emt 0:13:24]} Nc5 {[%emt 0:15:40]} 12. Ba3 {[%emt 0:07:31]} Rb8 {[%emt 0:01:02]} 13. Rad1 {[%emt 0:10:08]} b6 {[%emt 0:01:45]} 14. Ne4 {[%emt 0:03:01]} Nfxe4 {[%emt 0:03:10]} 15. Bxe4 {[%emt 0:00:01]} f5 {[%emt 0:00:14]} 16. Bg2 {[%emt 0:01:37]} Rf7 {[%emt 0:01:17]} 17. Rd4 {[%emt 0:04:36]} Ba6 {[%emt 0:17:18]} 18. Rfd1 {[%emt 0:17:30]} e5 {[%emt 0:18:24]} 19. Rd6 {[%emt 0:00:22]} Bxc4 {[%emt 0:00:09]} 20. Bxc5 {[%emt 0:13:18]} bxc5 {[%emt 0:01:14]} 21. Bd5 {[%emt 0:03:41]} Bxd5 {[%emt 0:00:08]} 22. R6xd5 {[%emt 0:00:02]} Rb6 {[%emt 0:06:13]} 23. Qd2 {[%emt 0:04:18]} Ra6 {[%emt 0:00:09]} 24. e3 {[%emt 0:04:06]} g6 {[%emt 0:08:31]} 25. Rxd7 {[%emt 0:03:43]} Rxd7 {[%emt 0:00:11]} 26. Qxd7 {[%emt 0:00:05]} Qxd7 {[%emt 0:00:07]} 27. Rxd7 {[%emt 0:00:06]} Rxa2 {[%emt 0:02:33]} 28. Rd5 {[%emt 0:00:00]} c4 {[%emt 0:02:03]} 29. Rxe5 {[%emt 0:01:35]} Ra3 {[%emt 0:00:06]} 30. Re7 {[%emt 0:00:34]} a5 {[%emt 0:00:20]} 31. Ra7 {[%emt 0:00:20]} Rxc3 {[%emt 0:11:22]} 32. Rxa5 {[%emt 0:00:03]} Rc2 {[%emt 0:03:10]} 1/2-1/2